[Event "Landesliga Nord 0708"]
[Site "Bayern"]
[Date "2008.04.06"]
[Round "8.8"]
[White "Tratberger, Rainer"]
[Black "Kuespert, Andre"]
[Result "1/2-1/2"]
[WhiteElo "1952"]
[BlackElo "1598"]
[PlyCount "117"]
[EventDate "2007.10.21"]
[EventType "team-tourn"]
[EventRounds "9"]
[EventCountry "GER"]
[SourceTitle "EXT 2009"]
[Source "ChessBase"]
[SourceDate "2008.11.26"]
[SourceVersion "1"]
[SourceVersionDate "2008.11.26"]
[SourceQuality "1"]
[WhiteTeam "Burgsinn"]
[BlackTeam "Marktleuthen"]
[WhiteTeamCountry "GER"]
[BlackTeamCountry "GER"]

1. d4 Nf6 2. Nf3 g6 3. Bf4 Bg7 4. e3 d6 5. h3 Nbd7 6. Be2 a6 7. c4 c5 8. Nc3 0-0 9. 0-0 b6 10. a4 Bb7 11. d5 Nh5 12. Bh2 Re8 13. Qd2 Nhf6 14. e4 Qc7 15. Bd3 Ne5 16. Nxe5 dxe5 17. Qg5 Nh5 18. Qd2 Nf4 19. Rfe1 Nxd3 20. Qxd3 Rad8 21. Rad1 Qd6 22. Qe3 Bc8 23. Kh1 Qf6 24. Rf1 g5 25. f3 h6 26. g4 Qd6 27. Bg3 Kh7 28. Kg2 f6 29. h4 Kg6 30. Rh1 Rh8 31. Bf2 Kf7 32. Ra1 Bd7 33. Qe2 Qb8 34. Be3 Qc7 35. Qf2 a5 36. Rh2 Qb8 37. Rah1 Qc8 38. Qg3 Rde8 39. hxg5 hxg5 40. Rh5 Ref8 41. Qh3 Rfg8 42. Kg3 Qb8 43. Qf1 Rxh5 44. Rxh5 Rh8 45. Qh1 Qc8 46. b3 Qb8 47. Ne2 Qc8 48. Qh3 Qb8 49. Kg2 Qc8 50. Ng3 Qg8 51. Nf5 Bxf5 52. gxf5 Kf8 53. Kg3 Rxh5 54. Qxh5 Qh8 55. Kg4 Qh6 56. Qxh6 Bxh6 57. Kh5 Kg7 58. Bd2 Kh7 59. Be3 1/2-1/2

[Event "Oberfranken-ch op 0607"]
[Site "Schney"]
[Date "2007.01.05"]
[Round "7"]
[White "Mullan, Thomas"]
[Black "Kuespert, Andre"]
[Result "0-1"]
[WhiteElo "1142"]
[BlackElo "1531"]
[PlyCount "51"]
[EventDate "2007.01.02"]
[EventType "swiss"]
[EventRounds "9"]
[EventCountry "GER"]
[SourceTitle "EXT 2024"]
[Source "ChessBase"]
[SourceDate "2023.10.10"]
[SourceVersion "1"]
[SourceVersionDate "2023.10.10"]
[SourceQuality "1"]

1. e4 c5 2. Bc4 Nc6 3. Nf3 d6 4. d3 Bg4 5. Be3 Nf6 6. Nc3 e6 7. a3 Be7 8. 0-0 0-0 9. Qe2 Ne5 10. Rfd1 Nh5 11. h3 Bxf3 12. gxf3 Bg5 13. d4 Nxc4 14. Qxc4 Bxe3 15. fxe3 Qg5+ 16. Kf2 Qg3+ 17. Ke2 Qxh3 18. Kd2 Qxf3 19. Qe2 Qxe2+ 20. Nxe2 cxd4 21. exd4 e5 22. c3 f5 23. Rh1 Nf4 24. dxe5 dxe5 25. Nxf4 exf4 26. Kd3 0-1

[Event "Oberfranken-ch U16 0405"]
[Site "Schney"]
[Date "2005.01.03"]
[Round "4"]
[White "Kolinsky, Karina"]
[Black "Kuespert, Andre"]
[Result "1/2-1/2"]
[WhiteElo "1301"]
[BlackElo "1141"]
[PlyCount "27"]
[EventDate "2005.01.02"]
[EventType "swiss"]
[EventRounds "7"]
[EventCountry "GER"]
[SourceTitle "EXT 2007"]
[Source "ChessBase"]
[SourceDate "2006.11.23"]
[SourceVersion "1"]
[SourceVersionDate "2006.11.23"]
[SourceQuality "1"]

1. e4 e5 2. Nf3 Nc6 3. Bb5 Nge7 4. 0-0 g6 5. d4 Bg7 6. d5 Nd4 7. Nxd4 exd4 8. Bf4 a6 9. Bc4 d6 10. Qd2 f5 11. exf5 Bxf5 12. Re1 0-0 13. Bg5 Rf7 14. Qe2 1/2-1/2

[Event "Oberfranken-ch U16 0405"]
[Site "Schney"]
[Date "2005.01.03"]
[Round "3"]
[White "Kuespert, Andre"]
[Black "Biniszewski, Dominik"]
[Result "0-1"]
[WhiteElo "1141"]
[BlackElo "1377"]
[PlyCount "108"]
[EventDate "2005.01.02"]
[EventType "swiss"]
[EventRounds "7"]
[EventCountry "GER"]
[SourceTitle "EXT 2007"]
[Source "ChessBase"]
[SourceDate "2006.11.23"]
[SourceVersion "1"]
[SourceVersionDate "2006.11.23"]
[SourceQuality "1"]

1. e4 e5 2. Bc4 Nf6 3. Nc3 Bc5 4. Nf3 d6 5. h3 Be6 6. Bxe6 fxe6 7. d3 0-0 8. Bg5 Nbd7 9. d4 exd4 10. Nxd4 Qe8 11. 0-0 Qf7 12. Kh1 Rae8 13. f4 Nh5 14. Rf3 Qg6 15. Qd2 h6 16. Bh4 Nxf4 17. Rxf4 Rxf4 18. Qxf4 Bxd4 19. Qg3 Qxg3 20. Bxg3 Bxc3 21. bxc3 Nc5 22. Re1 b5 23. Bf2 Na4 24. Re3 a6 25. Kg1 Nb2 26. Bg3 Rf8 27. Re2 Rb8 28. Be1 Rb6 29. Bf2 Rc6 30. Re3 Nd1 31. Rd3 Nxc3 32. Bd4 Nxa2 33. e5 dxe5 34. Bxe5 Rxc2 35. Rd7 Re2 36. Bxg7 c5 37. Bxh6 c4 38. Ra7 b4 39. Rxa6 b3 40. Kf1 b2 41. Rb6 Rc2 42. g4 Rc1+ 43. Bxc1 bxc1Q+ 44. Kg2 Qd2+ 45. Kf3 Qd3+ 46. Kg2 Qe2+ 47. Kh1 Qf3+ 48. Kh2 Qf2+ 49. Kh1 Qxb6 50. g5 c3 51. h4 c2 52. Kh2 c1Q 53. g6 Qbg1+ 54. Kh3 Qce3# 0-1

[Event "Oberfranken-ch U14 0304"]
[Site "Schney"]
[Date "2004.01.03"]
[Round "3"]
[White "Bonk, Andy"]
[Black "Kuespert, Andre"]
[Result "1/2-1/2"]
[WhiteElo "1277"]
[BlackElo "1123"]
[PlyCount "28"]
[EventDate "2004.01.02"]
[EventType "swiss"]
[EventRounds "7"]
[EventCountry "GER"]
[SourceTitle "EXT 2005"]
[Source "ChessBase"]
[SourceDate "2004.11.15"]
[SourceVersion "1"]
[SourceVersionDate "2004.11.15"]
[SourceQuality "1"]

1. e4 e5 2. Bc4 Bc5 3. d3 Nc6 4. Nf3 d6 5. h3 Nge7 6. Nc3 0-0 7. Qe2 Be6 8. Bg5 Bxc4 9. dxc4 f6 10. Bh4 Ng6 11. Bg3 Nd4 12. Nxd4 Bxd4 13. Qd2 c6 14. 0-0-0 Qa5 1/2-1/2